000
00306nam a2200121 a 4500
005
20140414093838.0
008
110322s19uu xx uuu eng d
050
_a
CT
_b
KUN
245
_a
Best of classic kundiman :
_b
vol.2.
260
_a
Philippines :
_b
Aquarius Records.
942
_c
AVM
999
_c
109145
_d
109145